00694nam a22001697a 4500003000400000082001600004100001700020245016800037260003500205300000700240650001800247653000800265942001200273952011700285952010500402999001700507SGT a618.2bC21K aKAUR, RAJVIR aTo Compare the Efficacy of Intramuscular Oxytocin versus Intravenous Oxytocin Infusion versus Sublingual Misoprostol for active management of third stage of Labour aGURUGRAMbSGT UNIVERSITYc2021 a48 aOBST. & GYNE. aM.S 2ddccTH 00102ddc4051718MEDICALaFMbFMcREFd2024-06-21l0o618.2 C21KpDT1704r2024-06-21 00:00:00w2024-06-21yTH 00102ddc4071aFMbFMcREFd2025-11-12l0o618.2 C21KpDT2467r2025-11-12 00:00:00w2025-11-12yTH c26491d26491